/ 3



Bharat Itihas (Record no. 40012)

MARC details
000 -LEADER
fixed length control field 00287nam a22001217a 4500
008 - FIXED-LENGTH DATA ELEMENTS--GENERAL INFORMATION
fixed length control field 240711b |||||||| |||| 00| 0 eng d
100 ## - MAIN ENTRY--PERSONAL NAME
Personal name Deepchand
245 ## - TITLE STATEMENT
Title Bharat Itihas
260 ## - PUBLICATION, DISTRIBUTION, ETC.
Name of publisher Sunder Sahitya;
Year of publication 1924.
300 ## - PHYSICAL DESCRIPTION
Number of Pages 124p.
700 ## - ADDED ENTRY--PERSONAL NAME
Personal name Trilokchand
942 ## - ADDED ENTRY ELEMENTS (KOHA)
Koha item type Books
Holdings
Accession Number Lost status Damaged status Price effective from Koha item type Not for loan Withdrawn status Home library Current library Shelving location Date acquired Source of acquisition Cost, normal purchase price
10483     01/09/2023 Books   Withdrawn RCL RCL General Stacks 01/09/2023 DDC 2.00
10484     01/09/2023 Books   Withdrawn RCL RCL General Stacks 01/09/2023 DDC 2.00

Find us on the map

Contact Us

RAMANUJAN COLLEGE UNIVERSITY OF DELHI, KALKAJI, NEW DELHI 110019
library@ramaanujan.du.ac.in
011-35002219
https://library.ramanujancollege.ac.in/
ramanujancollegelibrary
                                 
Customized & Maintained by Department of Library
Visitor Counter